|
|
|
|
| LEADER |
00000cam a2200000 7i4500 |
| 001 |
0000042414 |
| 005 |
20260309102350.0 |
| 006 |
smr# l# ##a1 |
| 007 |
t |
| 008 |
251215c my mr#p l# a1may# |
| 022 |
0 |
|
|a 0126849X
|
| 090 |
0 |
0 |
|a 370
|b DEW
|
| 245 |
1 |
0 |
|a Dewan Siswa
|
| 264 |
|
0 |
|a Kuala Lumpur :
|b Dewan Bahasa dan Pustaka
|c ©2003
|
| 300 |
|
|
|a 64 pages :
|b colour illustrations, photographs ;
|c 26 cm.
|
| 362 |
0 |
|
|a Bil 1 -12 (January 2003) -Bil 1-Bil 3 (January - Mac 2026)
|
| 500 |
|
|
|a Library has edition 2003
|
| 520 |
|
|
|a Is a place for students and teenagers in Malaysia who want knowledge. This magazine not only displays sources of knowledge and information, but also becomes a medium for teenagers to express their feelings in a more creative way. In addition, it also becomes a platform for young professionals to hone their creativity and make a name for themselves in the field of literature.
|
| 588 |
|
|
|a Bil 1- 12 (January 2023; tittle from cover page
|
| 650 |
0 |
0 |
|a Education
|x Periodicals
|
| 850 |
|
|
|a Library has January-December 2006, January - December 2007. January-December 2008. January-December 2009. January-October 2010.January - December 2018 .January -December 2019.January - December 2020.January - December 2021. January - December 2022. January - December 2023. January - December 2024,January -December 2025
|
| 850 |
|
|
|a PKPJ : v2010 no1-12 copy1
|
| 850 |
|
|
|a PKPJ : v2011 no1-12 copy1
|
| 850 |
|
|
|a PKPJ : v2012 no1-6 copy1
|
| 850 |
|
|
|a PKPJ : v2012 no7-12 copy1
|
| 850 |
|
|
|a PKPJ : v2013 no1-12 copy1
|
| 850 |
|
|
|a PKPJ : v2014 no1-12 copy1
|
| 850 |
|
|
|a PKPJ : v2015 no1-12 copy1
|
| 850 |
|
|
|a PKPJ : v2023 no1-12 copy1
|
| 850 |
|
|
|a PKPJ : v2024 no1-12 copy1
|
| 850 |
|
|
|a PKPJ : v2025 no1-12 copy1
|
| 999 |
|
|
|a 253283/09
|b MAJALAH
|c MAJALAH RUJUKAN
|e PERPUSTAKAAN KOMUNITI PETALING JAYA
|
| 999 |
|
|
|a 253711/08
|b MAJALAH
|c MAJALAH RUJUKAN
|e PERPUSTAKAAN KOMUNITI PETALING JAYA
|
| 999 |
|
|
|a 253742/10
|b MAJALAH
|c MAJALAH RUJUKAN
|e PERPUSTAKAAN KOMUNITI CAW KOTA DAMANSARA
|
| 999 |
|
|
|a 254206/10
|b MAJALAH
|c MAJALAH RUJUKAN
|e PERPUSTAKAAN KOMUNITI PETALING JAYA
|
| 999 |
|
|
|a 262765/11
|b MAJALAH
|c MAJALAH RUJUKAN
|e PERPUSTAKAAN KOMUNITI CAW KOTA DAMANSARA
|
| 999 |
|
|
|a 264171/12
|b MAJALAH
|c MAJALAH RUJUKAN
|e PERPUSTAKAAN KOMUNITI PETALING JAYA
|
| 999 |
|
|
|a 264282/11
|b MAJALAH
|c MAJALAH RUJUKAN
|e PERPUSTAKAAN KOMUNITI PETALING JAYA
|
| 999 |
|
|
|a 274422/11
|b MAJALAH
|c MAJALAH RUJUKAN
|e PERPUSTAKAAN KOMUNITI CAW TAMAN MEDAN
|
| 999 |
|
|
|a 280959/10
|b MAJALAH
|c MAJALAH RUJUKAN
|e PERPUSTAKAAN KOMUNITI CAW TAMAN MEDAN
|
| 999 |
|
|
|a 282272/12
|b MAJALAH
|c MAJALAH RUJUKAN
|e PERPUSTAKAAN KOMUNITI PETALING JAYA
|
| 999 |
|
|
|a 282360/12
|b MAJALAH
|c MAJALAH RUJUKAN
|e PERPUSTAKAAN KOMUNITI CAW KOTA DAMANSARA
|
| 999 |
|
|
|a 282380/12
|b MAJALAH
|c MAJALAH RUJUKAN
|e PERPUSTAKAAN KOMUNITI CAW TAMAN MEDAN
|
| 999 |
|
|
|a 282382/12
|b MAJALAH
|c MAJALAH RUJUKAN
|e PERPUSTAKAAN KOMUNITI CAW TAMAN MEDAN
|
| 999 |
|
|
|a 282402/13
|b MAJALAH
|c MAJALAH RUJUKAN
|e PERPUSTAKAAN KOMUNITI CAW KOTA DAMANSARA
|
| 999 |
|
|
|a 282581/13
|b MAJALAH
|c MAJALAH RUJUKAN
|e PERPUSTAKAAN KOMUNITI CAW TAMAN MEDAN
|
| 999 |
|
|
|a 282720/13
|b MAJALAH
|c MAJALAH RUJUKAN
|e PERPUSTAKAAN KOMUNITI PETALING JAYA
|
| 999 |
|
|
|a 282801/14
|b MAJALAH
|c MAJALAH RUJUKAN
|e PERPUSTAKAAN KOMUNITI PETALING JAYA
|
| 999 |
|
|
|a 282904/14
|b MAJALAH
|c MAJALAH RUJUKAN
|e PERPUSTAKAAN KOMUNITI CAW TAMAN MEDAN
|
| 999 |
|
|
|a 282933/14
|b MAJALAH
|c MAJALAH RUJUKAN
|e PERPUSTAKAAN KOMUNITI CAW KOTA DAMANSARA
|
| 999 |
|
|
|a 334713/15
|b MAJALAH
|c MAJALAH RUJUKAN
|e PERPUSTAKAAN KOMUNITI CAW TAMAN MEDAN
|
| 999 |
|
|
|a 334736/15
|b MAJALAH
|c MAJALAH RUJUKAN
|e PERPUSTAKAAN KOMUNITI PETALING JAYA
|
| 999 |
|
|
|a 334824/15
|b MAJALAH
|c RUJUKAN
|e PERPUSTAKAAN KOMUNITI CAW KOTA DAMANSARA
|
| 999 |
|
|
|a 334882/16
|b MAJALAH
|c MAJALAH RUJUKAN
|e PERPUSTAKAAN KOMUNITI CAW KOTA DAMANSARA
|
| 999 |
|
|
|a 334902/16
|b MAJALAH
|c MAJALAH RUJUKAN
|e PERPUSTAKAAN KOMUNITI CAW TAMAN MEDAN
|
| 999 |
|
|
|a 334930/16
|b MAJALAH
|c MAJALAH RUJUKAN
|e PERPUSTAKAAN KOMUNITI PETALING JAYA
|
| 999 |
|
|
|a 335003/17
|b MAJALAH
|c MAJALAH RUJUKAN
|e PERPUSTAKAAN KOMUNITI PETALING JAYA
|
| 999 |
|
|
|a 335008/17
|b MAJALAH
|c MAJALAH RUJUKAN
|e PERPUSTAKAAN KOMUNITI CAW KOTA DAMANSARA
|
| 999 |
|
|
|a 335022/17
|b MAJALAH
|c MAJALAH RUJUKAN
|e PERPUSTAKAAN KOMUNITI PETALING JAYA
|
| 999 |
|
|
|a 335092/18
|b MAJALAH
|c MAJALAH RUJUKAN
|e PERPUSTAKAAN KOMUNITI CAW TAMAN MEDAN
|
| 999 |
|
|
|a 335102/18
|b MAJALAH
|c MAJALAH RUJUKAN
|e PERPUSTAKAAN KOMUNITI CAW KOTA DAMANSARA
|
| 999 |
|
|
|a 335198/18
|b MAJALAH
|c MAJALAH RUJUKAN
|e PERPUSTAKAAN KOMUNITI PETALING JAYA
|
| 999 |
|
|
|a 335234/19
|b MAJALAH
|c MAJALAH RUJUKAN
|e PERPUSTAKAAN KOMUNITI PETALING JAYA
|
| 999 |
|
|
|a 335241/19
|b MAJALAH
|c MAJALAH RUJUKAN
|e PERPUSTAKAAN KOMUNITI CAW TAMAN MEDAN
|
| 999 |
|
|
|a 335286/19
|b MAJALAH
|c MAJALAH RUJUKAN
|e PERPUSTAKAAN KOMUNITI CAW KOTA DAMANSARA
|
| 999 |
|
|
|a 335332/22
|b MAJALAH
|c MAJALAH RUJUKAN
|e PERPUSTAKAAN KOMUNITI PETALING JAYA
|
| 999 |
|
|
|a 335363/24
|b MAJALAH
|c MAJALAH RUJUKAN
|e PERPUSTAKAAN KOMUNITI PETALING JAYA
|